Juarez / (Record no. 144845)

MARC details
000 -LEADER
campo de control de longitud fija 00539nam a2200181 4500
001 - NÚMERO DE CONTROL
campo de control 144845
003 - IDENTIFICADOR DE NÚMERO DE CONTROL
campo de control ES-MaACL
005 - FECHA Y HORA DE LA ÚLTIMA TRANSACCIÓN
campo de control 20230906201118.0
007 - CAMPO FIJO DE DESCRIPCIÓN FÍSICA--INFORMACIÓN GENERAL
campo de control de longitud fija t|
008 - DATOS DE LONGITUD FIJA--INFORMACIÓN GENERAL
campo de control de longitud fija 070214s1967 sp r ||||1| spa d
100 1# - ENTRADA PRINCIPAL--NOMBRE DE PERSONA
Nombre de persona Smart, Charles Allen.
9 (RLIN) 106811
245 10 - MENCIÓN DEL TÍTULO
Título Juarez /
Mención de responsabilidad, etc. Charles Allen Smart ; [versión... por Angel Arnau].
250 ## - MENCION DE EDICION
Mención de edición [1ª ed.].
260 ## - PUBLICACIÓN, DISTRIBUCIÓN, ETC.
Lugar de publicación, distribución, etc. Barcelona [etc.] :
Nombre del editor, distribuidor, etc. Grijalbo,
Fecha de publicación, distribución, etc. 1967 (
Fabricante Diamante)
300 ## - DESCRIPCIÓN FÍSICA
Extensión 522 p., 16 lám. ;
Dimensiones 21 cm.
700 1# - ENTRADA AGREGADA--NOMBRE PERSONAL
Nombre de persona Arnau, Angel.
9 (RLIN) 23047
852 ## - LOCALIZACIÓN
Ubicación ES-MaACL
Número de control de estantería C-31781
Sublocalización o colección R.62371
Holdings
Estatus retirado Estado de pérdida Estado de daño No para préstamo Biblioteca de origen Biblioteca actual Ubicación en estantería Fecha de adquisición Fuente de adquisición Total de préstamos Signatura topográfica completa Código de barras Visto por última vez Precio de reemplazo Tipo de ítem Koha
        Biblioteca del Ateneo de Madrid Biblioteca del Ateneo de Madrid Depósito 2 17/01/2008     C-31781 1151108 23/02/2023 23/02/2023 Libro impreso